00554nam a22001817a 4500003000400000005001700004020001800021082001600039100002400055245003600079250001300115260004000128300000900168650001800177942001200195952014800207999001700355SGT20260629122901.0 a9788197099502 a618.1bT25B aBABU, SHARMILA ARUN aTE LINDE'S OPERATIVE GGNECOLOGY a1ST S.A  aPHILADELPHIA bWOLTERS KLUWERc2025 a2270 aOBST. & GYNE  2ddccBK 00102ddc40718MEDICALaFMbFMcREFd2026-06-01eABC DELHIg9272.00iSGTUl0o618.1 T25BpFM16337r2026-06-29 12:31:11w2026-06-01yBKk23076 c34986d34986